| 000 | 00798nam a2200265 i 4500 | ||
|---|---|---|---|
| 999 |
_c5316 _d5316 |
||
| 001 | 3639 | ||
| 003 | BD-DhUAP | ||
| 005 | 20201207125104.0 | ||
| 008 | 201207s20082004ii a b 001 0 eng | ||
| 020 | _a072167335X | ||
| 020 | _a0808921797 | ||
| 040 |
_aDNLM/DLC _beng _cDLC _dBD-DhUAP |
||
| 082 | 0 | 0 |
_223 _a616.07 ROB |
| 245 | 0 | 0 |
_aRobbins Pathologic basis of disease / _cedited by Ramzi S. Cotran, Vinay Kumar and Tucker Collins. |
| 250 | _a6th ed. | ||
| 260 |
_aSingapore : _bHarcourt Asia Pte. Ltd., _cc1999 [Reprinted 2000]. |
||
| 300 |
_axv, 1425 pages : _billustrations ; _c27 cm. |
||
| 500 | _aIncludes index. | ||
| 650 | 0 | _aPathology. | |
| 650 | 1 | 2 | _aPathologic Processes. |
| 700 | _aCotran, Ramzi S. | ||
| 700 | _aKumar, Vinay. | ||
| 700 | _aCollins, Tucker. | ||
| 942 |
_2ddc _cBK |
||